Sports Quiz

Random Sports or Automobiles Quiz

Fastest Cars In The World Quiz Stats

 Plays Quiz not verified by Sporcle

Challenge
Share
Tweet
Embed
Score 0/10 Timer 10:00
1 Play Today
% Correct
Bugatti Veyron
95.3%
McLaren F1
54.7%
Ferrari Enzo
47.7%
SSC Ultimate Aero
46.5%
Koenigsegg CCX
45.3%
Porsche Carrera GT
25.6%
Jaguar XJ220
24.4%
Pagani Zonda F
20.9%
Saleen S7 Twin-Turbo
17.4%
Lamborghini Murcielago LP640
12.8%

You're not logged in!

Compare scores with friends on all Sporcle quizzes.
OR
Log In

You Might Also Like...

Show Comments

Extras

Top Quizzes Today


Score Distribution

Your Account Isn't Verified!

In order to create a playlist on Sporcle, you need to verify the email address you used during registration. Go to your Sporcle Settings to finish the process.

Report this User

Report this user for behavior that violates our Community Guidelines.

Details: